Catalog

Record Details

Catalog Search



Available copies

  • 1 of 1 copy available at LARL/NWRL Consortium.
  • 1 of 1 copy available at Northwest Regional Library. (Show preferred library)

Current holds

0 current holds with 1 total copy.

Show Only Available Copies
Location Call Number / Copy Notes Barcode Shelving Location Status Due Date
Greenbush Public Library BIL (Text) 35500004316079 Main Available -

Record details

  • ISBN: 0849944589 (pbk.)
  • ISBN: 9780849944581 (pbk.)
  • Physical Description: vii, 293 p. ; 22 cm.
  • Publisher: Nashville : WestBow Press, c2004.

Content descriptions

General Note:
"An Ashley Stockingdale novel"--Cover.
Subject: Young women > Fiction.
California > Fiction.
Genre: Bildungsromans.
LDR 00966pam a2200301 a 4500
00155090
003LARL_NWRL_CONSORTIUM
00520050104080810.0
008031106s2004 tnu 000 1 eng
010 . ‡a2003024240
020 . ‡a0849944589 (pbk.)
020 . ‡a9780849944581 (pbk.)
035 . ‡a(OCoLC)53398052
040 . ‡aDLC ‡cDLC
043 . ‡an-us-ca
08200. ‡a813/.6 ‡222
1001 . ‡aBillerbeck, Kristin. ‡0(LARL_NWRL_CONSORTIUM)145732
24510. ‡aWhat a girl wants ‡n#1 / ‡cby Kristin Billerbeck.
260 . ‡aNashville : ‡bWestBow Press, ‡cc2004.
300 . ‡avii, 293 p. ; ‡c22 cm.
4900 . ‡aAshley Stockingdale ; ‡v1
500 . ‡a"An Ashley Stockingdale novel"--Cover.
650 0. ‡aYoung women ‡vFiction. ‡0(LARL_NWRL_CONSORTIUM)168213
651 0. ‡aCalifornia ‡vFiction. ‡0(LARL_NWRL_CONSORTIUM)164052
655 7. ‡aBildungsromans. ‡2gsafd
901 . ‡a55090 ‡bOCLC ‡c55090 ‡tbiblio

Additional Resources